Flags by Letter - E - Statistics

General Stats
  • This quiz has been taken 311 times
  • The average score is 8 of 9
Answer Stats
Picture Answer % Correct
Egypt
99%
Ecuador
97%
Estonia
96%
Ethiopia
96%
Eritrea
91%
El Salvador
89%
Eswatini
89%
East Timor
82%
Equatorial Guinea
76%
No matching quizzes found
Score Distribution
Percent of People with Each Score
Percentile by Number Answered
Your Score History
You have not taken this quiz